000 02114nam a2200385 c 4500
003 BLK
005 20180422111505.0
008 180409b bul|||||r ||||||| ||bul||
010 _aKNG00136244000
020 _a978-954-516-761-4
_bиздат.: Летера - на том(кн. за учителя)
040 _aBLK
041 _aBUL
_cBUL
072 7 _2bullib
_aН372
_xУчебни предмети. Учебници Н
080 _aОснови на четенето. Методи на обучение в четенето
_b372.41
_x(076)(072)
_z372.41(076)(072)
100 1 _aВласева, Теодора Ангелова
_eпърви автор
_9368871
139 _aВласева, Теодора Ангелова
_bВ 72
245 1 0 _aМоята библиотека
_bУч. помагало : С кн. за азбукарчета За том: Четене, общуване, проекти, игра, учене, групова работа, сътрудничество
_cТеодора Ангелова Власева.
_nКн. за учителя
_pЗаедно в четенето
257 _aBGR
260 Пловдив
_c2007 -
_fВ. Търново : Абагар
300 _c29 см
380 _a3
490 1 _aЗаедно в четенето
500 _aСерията е означена на папката. - Офс. изд. - Изд. е спечелило конкурс на М-во на културата.
650 4 _aЧетене - методика на преподаването - за основни училища
_9246092
653 _aчетене
653 _aметодика на преподаването
653 _aІ кл.
659 _aН
760 1 _3- на том(кн. за учителя)
_aВласева, Теодора Ангелова
_dЛетера, 2007
_h96 с. : с ил.
_nБиблиогр. с. 92.
_tКн. за учителя Заедно в четенето
852 _aЦб ІІ 17486
856 4 _qpdf
_u
856 4 _qpdf
_u
942 _cKNG
_n0
944 _aCR
_c15.11.2012
_lф /
_kЛюдмила_Стоянова
944 _aED
_c19.07.2013
_lф /
_k
999 _c130479
_d130479